Quiz Mercredi Addams - Statistiques

Statistiques générales
  • Ce quiz a été pris 145 fois
  • Le résultat moyen est 8 sur 26
Statistiques - réponses
Questions Réponses % Correct
Comment s'appelle la partie du corps vivante de la famille Addams ? La chose
87%
Nom de l'école ? Nevermore
83%
Nom du frère de Mercredi Pugsley Addams
51%
Quel instrument joue Mercredi ? Violoncelle
47%
Quel est le nom du zombie donné parle frère de Mercredi ? Slurp
46%
Nom de l'oncle de Mercredi Fétide Addams
42%
Colocataire de Mercredi Enid Sinclair
40%
Qui est le Hyde ? Tyler Galpin
34%
Qui est l'amoureux des abeilles Eugène
33%
Dans quelle ville se déroule la série ? Jericho
33%
Comment s'appelle la soeur de Morticia ? Ophélia
32%
Qui à le pouvoir d'être invisible ? Agnès
31%
Comment s'appelle le copain d'Enid ( saison 2 ) Bruno
30%
Qui en était la directrice à la saison 1 ? Larissa Wheems
27%
Nom du guide spirituel de Mercredi ( saison 1 ) Goody Addams
25%
Qui est le majordomme de la famille Addams Max
23%
De quoi Mercredi est allergique ? Aux couleurs
22%
Comment s'appelle sa mère ? Françoise Galpin
18%
Quel était le pouvoir de la directrice de l'école ? Métamorphe
17%
Quel est le nom de l'organisation secrète crée par des élèves de l'école ? Belladone
15%
Par qui à t-elle été tuée ? Marilyn Thornhill / Lorel Gates
13%
Nom de l'asile psychiatrique ? Willow Hill
13%
Qui est le second directeur de l'école ? Barry Dort
11%
Qui à un coeur métallique ? Isaac Hacelos
8%
Quel personnage est joué par Lady Gaga Rosaline Rotwood
8%
Qui est la mère de Morticia Addams Hester Frump
6%
Aucun quiz correspondant
Distribution des résultats
% des personnes avec chaque résultat
Percentile par nombre de réponses
Votre historique - résultats
Vous n’avez pas pris ce quiz